000 00880cab a2200277 4500
001 ABS51951
008 090401t1994 xxu||||| |||| 00| 0 eng d
035 _a(Sirsi) u52449
041 _aeng
100 _aSmith, B.
245 _aNational Land Information System pilot project
260 _c1994
350 _a0
490 _aMapping Awareness
_v8(10) December 1994, 34-38(5)
520 _aDescribes phase one of the pilot project, in which data from the VO, OS and Land Registry have been compared and analysed, and outlines the content of phases two and three.
650 _aBRISTOL
650 _aBS 7666
650 _aDATA ANALYSIS
650 _aLAND AND PROPERTY GAZETTEER
650 _aNATIONAL LAND INFORMATION SERVICE
650 _aNATIONAL LAND INFORMATION SERVICE
650 _aPILOT PROJECT
690 _aLAND
942 _n0
948 _c04/03/1997
999 _c32490
_d32490